Tough Authors 1 - Statistics

General Stats
  • This quiz has been taken 8 times
  • The average score is 7 of 20
Answer Stats
Hint Answer % Correct
Dead Souls Nikolai Gogol
88%
Buddenbrooks Thomas Mann
88%
The Cider House Rules John Irving
75%
Franny and Zooey J.D. Salinger
63%
Wide Sargasso Sea Jean Rhys
63%
A House for Mr. Biswas V.S. Naipaul
63%
Fever Pitch Nick Hornby
50%
The Charterhouse of Parma Stendhal
50%
El Aleph Jorge Luis Borges
38%
Captain Corelli's Mandolin Louis de Bernieres
38%
Dreams of the Red Chamber Cao Xueqin
25%
All the Light We Cannot See Anthony Doerr
13%
Chronicles of Barsetshire Anthony Trollope
13%
National Velvet Enid Bagnold
13%
Johnny Tremain Esther Forbes
13%
Eva Luna Isabel Allende
13%
Hans Brinker, or the Silver Skates Mary Mapes Dodge
13%
Divine Secrets of the Ya-Ya Sisterhood Rebecca Wells
13%
How Green Was My Valley Richard Llewellyn
13%
Captain Singleton Daniel Defoe
0%
No matching quizzes found
Score Distribution
Percent of People with Each Score
Percentile by Number Answered
Your Score History
You have not taken this quiz